Statistics for Swiss Federal Councillors since 1848

Click here to take the quiz!

General Stats

  • This quiz has been taken 5 times
  • The average score is 43 of 122

Answer Stats

HintAnswer% Correct
2018-Amherd, Viola
100%
2022-Baume-Schneider, Elisabeth
100%
2011-Berset, Alain
100%
2017-Cassis, Ignazio
100%
2018-Keller-Sutter, Karin
100%
1984-1989Kopp, Elisabeth
100%
2008-2022Maurer, Ueli
100%
1929-1938Meyer, Albert
100%
1848-1855Munzinger, Martin J.
100%
2015-Parmelin, Guy
100%
2022-Rösti, Albert
100%
2010-2022Sommaruga, Simonetta
100%
2003-2007Blocher, Christoph
80%
1883-1912Deucher, Adolf
80%
1993-2002Dreifuss, Ruth
80%
1999-2003Metzler-Arnold, Ruth
80%
1987-2000Ogi , Adolf
80%
2010-2018Schneider-Ammann, Johann
80%
2007-2015Widmer-Schlumpf, Eveline
80%
2009-2017Burkhalter, Didier
60%
1982-1984Friedrich, Rudolf
60%
1965-1979Gnägi, Rudolf
60%
1973-1982Hürlimann, Hans
60%
1855-1875Knüsel , Melchior Josef Martin
60%
2006-2018Leuthard, Doris
60%
2003-2010Merz, Hans-Rudolf
60%
1929-1940Minger, Rudolf
60%
1961-1969Schaffner, Hans
60%
1953-1959Streuli, Hans
60%
1977-1987Aubert, Pierre
40%
1962-1973Bonvin, Roger
40%
2002-2011Calmy-Rey, Micheline
40%
1870-1875Ceresole, Paul
40%
1954-1966Chaudet, Paul
40%
1998-2009Couchepin, Pascal
40%
1983-1998Delamuraz, Jean-Pascal
40%
1848-1855Druey, Daniel-Henri
40%
1861-1872Dubs, Jakob
40%
1848-1866Frey-Herosé, Friedrich
40%
1969-1978Graber, Pierre
40%
1954-1959Holenstein, Thomas
40%
2023-Jans, Beat
40%
1995-2010Leuenberger, Moritz
40%
1948-1854Ochsenbein, Ulrich
40%
1944-1961Petitpierre, Max
40%
1872-1878Scherer, Johann Jakob
40%
2000-2008Schmid, Samuel
40%
1854-1863Stämpfli, Jakob
40%
1951-1954Weber, Max
40%
1934-1934Baumann, Johannes
20%
1878-1883Bavier , Simeon
20%
1872-1875Borel, Eugène
20%
1959-1962Bourgknecht, Jean
20%
1897-1911Brenner, Ernst
20%
1969-1978Brugger, Ernst
20%
1913-1919Calonder, Felix-Louis
20%
1966-1973Celio, Nello
20%
1864-1872Challet-Venel, Jean-Jacques
20%
1973-1983Chevallaz, Georges-André
20%
1912-1919Decoppet, Camille
20%
1999-2006Deiss, Joseph
20%
1875-1892Droz, Numa
20%
1950-1954Escher, Josef
20%
1934-1959Etter, Philipp
20%
1987-1993Felber, René
20%
1951-1958Feldmann, Markus
20%
1855-1867Fornerod, Constant
20%
1902-1912Forrer, Ludwig
20%
1848-1857Franscini, Stefano
20%
1890-1897Frey, Emil
20%
1848-1861Furrer, Jonas
20%
1920-1934Häberlin, Heinrich
20%
1875-1890Hammer, Bernhard
20%
1888-1902Hauser, Walter
20%
1875-1878Heer, Joachim
20%
1879-1888Hertenstein, Wilhelm
20%
1977-1982Honegger, Fritz
20%
1940-1954Kobelt , Karl
20%
1954-1959Lepori, Giuseppe
20%
1911-1940Motta, Giuseppe
20%
1895-1919Müller, Eduard
20%
1848-1875Naeff, Wilhelm Matthias
20%
1943-1951Nobs, Ernst
20%
1935-1940Obrecht, Hermann
20%
1912-1913Perrier, Louis
20%
1857-1864Pioda, Giovanni Battista
20%
1973-1983Ritschard, Willi
20%
1947-1954Rubattel, Rodolphe
20%
1881-1893Ruchonnet , Antoine Louis John
20%
1893-1899Ruffy, Eugène
20%
1867-1869Ruffy, Victor
20%
1863-1895Schenk, Karl
20%
1919-1929
Scheurer, Karl
20%
1979-1987Schlumpf , Leon
20%
1912-1935Schulthess, Edmund
20%
1940-1947Stampfli, Walther
20%
1983-1995Stich, Otto
20%
1959-1973Tschudi, Hans-Peter
20%
1989-2003Villiger, Kaspar
20%
1959-1971von Moos, Ludwig
20%
1940-1951von Steiger, Eduard
20%
1866-1891Welti, Emil
20%
1938-1943Wetter, Ernst
20%
1891-1908Zemp, Joseph
20%
1917-1919Ador, Gustave
0%
1875-1880Anderwert , Fridolin
0%
1940-1950Celio, Enrico
0%
1919-1938Chuard, Ernest
0%
1899-1912Comtesse , Robert
0%
1986-1999Cotti , Flavio
0%
1982-1986Egli, Alphons
0%
1971-1986Furgler, Kurt
0%
1917-1929Haab, Robert
0%
1911-1917Hoffmann, Arthur
0%
1986-1999Koller, Arnold
0%
1892-1899Lachenal, Adrien
0%
1919-1934Musy, Jean-Marie
0%
1928-1944Pilet-Golaz, Marcel
0%
1899-1912Ruchet, Marc-Emile
0%
1908-1911Schobinger, Josef Anton
0%
1959-1970Spühler, Willy
0%
1985-1965Wahlen, Friedrich Traugott
0%

Score Distribution

Percentile by Number Answered

Percent of People with Each Score

Your Score History

You have not taken this quiz